000 00760nam a2200193 i 4500
001 154576
003 ES-MaACL
005 20230906205801.0
008 960527s1882 sp |||| | spa d
040 _aCYL
_bspa
_cCYL
100 1 _aGonzález Garbín, Antonio.
_9127411
245 1 0 _aCompendio de Retórica y Poética ó de Preceptiva Literaria
_b: escrito para uso de los alumnos que cursan esta asignatura en la Segunda Enseñanza /
_cpor D. Antonio González Garbín.
250 _a4ª ed., notablemente reform.
260 _aBarcelona :
_b[s.n.],
_c1882 (
_fImprenta de la Viuda é Hijos de J. Subirana)
300 _a230, [1] p. ;
_c24 cm.
650 4 _aRetórica.
_916882
650 4 _aPoética.
_916254
852 _aES-MaACL
_jB-1256
_z-- Enc. hol.
999 _c154576
_d154576